Biblioteca

The theology of the book of Genesis / (Registro nro. 67658)

Detalles MARC
000 -LÍDER
Campo fijo de descripción fija 04049cam a2200361 i 4500
001 - NÚMERO DE CONTROL
Campo de control 768714001
003 - IDENTIFICADOR DEL NÚMERO DE CONTROL
Campo de control CO-MdFUSB
005 - FECHA Y HORA DE LA ULTIMA TRANSACCIÓN
control field 20220630124921.0
007 - CAMPO FIJO DE DESCRIPCIÓN FIJA--INFORMACIÓN GENERAL
Campo fijo de descripción fija ta
008 - ELEMENTOS DE LONGITUD FIJA -- INFORMACIÓN GENERAL
Campo fijo de descripción fija -- Información general 080923t2009 enk b 001 0 eng
020 ## - NÚMERO INTERNACIONAL NORMALIZADO PARA LIBROS
Número Internacional Normalizado del libro 0521866316
040 ## - FUENTE DE CATALOGACIÓN
Agencia de catalogación original DLC
Idioma de catalogación eng
Agencia que realiza la transcripción CO-MdFUSB
Agencia que realiza la modificación BTCTA
-- YDXCP
-- UKM
-- C#P
-- BWX
-- CDX
-- OrLoB-B
-- LML
Convenciones de la descripción rda
041 ## - CÓDIGO DE IDIOMA
Código de idioma para texto/pista de sonido o título separado eng
082 ## - NÚMERO DE CLASIFICACIÓN DECIMAL DEWEY
Número de la edición del Dewey 23
Número de clasificación 222.1106
Clave de autor-Numero de item M687
100 1# - ASIENTO PRINCIPAL--NOMBRE PERSONAL
Nombre personal Moberly, R. W. L.
Término relacionador autor
245 14 - TÍTULO
Título del Material The theology of the book of Genesis /
Mención de responsabilidad, etc. R.W.L. Moberly.
264 #1 - PRODUCCIÓN, PUBLICACIÓN, DISTRIBUCIÓN, MANUFACTURA, Y COPYRIGHT
Lugar de producción, publicación, distribución, manufactura Cambridge ;
-- New York :
Nombre del productor, publicador, distribuidor Cambridge University Press,
Fecha de producción, publicación, distribución, manufactura, o copyright [2009]
264 #4 - PRODUCCIÓN, PUBLICACIÓN, DISTRIBUCIÓN, MANUFACTURA, Y COPYRIGHT
Fecha de producción, publicación, distribución, manufactura, o copyright © 2009
300 ## - DESCRIPCIÓN FÍSICA
Extensión 272 páginas ;
Dimensiones 23 cm.
336 ## - TIPO DE CONTENIDO
Término de tipo de contenido texto
Código de tipo de contenido txt
Fuente rdacontent.
337 ## - TIPO DE MEDIO
Nombre del tipo de medio sin mediación
Código del tipo de medio n
Fuente rdamedia.
338 ## - TIPO DE SOPORTE
Nombre del tipo de soporte volumen
Código Tipo de soporte nc
Fuente rdacarrier.
490 1# - MENCIÓN DE SERIE
Mención de serie Old Testament theology.
504 ## - NOTA DE BIBLIOGRAFÍA, ETC.
Nota de bibliografía, etc Incluye referencias bibliográficas (páginas 247-252) e índices.
505 0# - NOTA DE CONTENIDO
Nota de contenido con formato preestablecido ¿Qué es una "teología de Génesis"? -- Hacia una "teología del Génesis" -- El carácter cuestionado de la "teología" -- Crítica histórica y conocimiento socialmente valorado -- Texto y contextos: un ejemplo -- Sobre la lectura de Génesis 1-11 -- Convenciones literarias y interpretación teológica -- Génesis 1 : representando el mundo -- Una primera lectura de Génesis 1 -- Génesis 1 en relación con su posible contexto compositivo -- Génesis 1 en relación con imágenes antiguas alternativas -- Lectura de Jon D. Levenson de Génesis 1 - - Génesis 1 y biología evolutiva -- Génesis 1 y cuadros alternativos del mundo : una propuesta -- Génesis 2-3 : Adán y Eva y "la caída" -- James Barr sobre Génesis 2-3 -- Una versión reformulada del interpretación "tradicional" -- ¿Es un gnóstico precedido ¿No es un buen precedente? -- Identificar el tema clave -- Releer la narración -- Génesis 4 : Caín y Abel -- Exposición de la interpretación de Regina M. Schwartz -- Una lectura teológica de Caín y Abel -- Conclusión: Hacer el bien en circunstancias exigentes -- Génesis 6-9 : cataclismo y gracia -- Reflexiones sobre algunos enfoques modernos característicos -- Crítica del Pentateuco y estrategia de lectura -- El diluvio en Génesis y la epopeya de Gilgamesh -- Una ansiedad posmoderna característica -- Hacia una interpretación teológica de la narración del diluvio -- La combinación de Génesis 6:5 con 8:21 -- La cláusula del mal pensamiento en Génesis 8:21 -- La narrativa de José en el análisis de Gerhard von Rad -- Análisis del relato de Von Rad -- Replantear elementos clave en la hipótesis de la "iluminación salomónica" -- Replantear la narrativa de José en relación con Proverbios -- El trato de José a sus hermanos -- Soberanía divina y la actividad humana.
520 1# - NOTA DE RESUMEN, ETC.
Nota de sumario, etc. "El libro de Génesis contiene material fundamental para la teología judía y cristiana, tanto histórica como contemporánea, y es casi seguro que es el libro del Antiguo Testamento más consultado en la cultura contemporánea. The Theology of the Book of Genesis de RWL Moberly examina el uso real que se hace de Génesis en los debates actuales, no solo en contextos académicos sino también populares. Temas tradicionales como la creación y la Caída se encuentran junto a temas más recientes como la violencia religiosa y el sionismo cristiano. La preocupación de Moberly, aclarada a través de una combinación de lecturas detalladas y discusiones de principios hermenéuticos. - es descubrir lo que constituye una comprensión y un uso inteligentes del Génesis, a través de una consideración de su significado intrínseco como texto antiguo (tanto en versiones hebrea como griega) en diálogo con su recepción y apropiación tanto en el pasado como en el presente. Moberly busca habilitar teología responsable conciencia y uso del texto antiguo hoy, destacando el perseverancia de Génesis trascendencia".
563 ## - NOTA DE ENCUADERNACIÓN
Nota de encuadernación Pasta dura
630 #0 - TITULO UNIFORME
Título uniforme Biblia.
Nombre de parte o sección de la obra Génesis
Subdivisión de materia general Teología cristiana.
830 #0 - PUNTO DE ACCESO ADICIONAL DE SERIE - TÍTULO UNIFORME
Título uniforme Old Testament theology.
942 ## - TIPO DE MATERIAL (KOHA)
Tipo de Item KOHA Libros General
945 ## - INFORMACIÓN LOCAL DEL REGISTRO
Catalogador JTF-925
Existencias
Estado de Material Estado de Perdido Forma de Clasificación Estado de Dañado No para Préstamo Colección Biblioteca de Origen Biblioteca Permanente Fecha de Adquisición Área Total de Préstamos Signatura Topográfica Código de Barras Última vez visto Ejemplar/Existencia Fecha de Remplazo Tipo de Material
    Dewey Decimal Classification     Colección General Biblioteca FUSBC Biblioteca FUSBC 04/04/2022 BIBLIA   G 222.1106 M687t 21841 04/04/2022 Ej.1 04/04/2022 Libros General

Biblioteca FUSBC | Teléfono: (57+4) 349 88 10 Ext. 141| WhatsApp (+57) 3005338115 
E-mail: biblioteca@unisbc.edu.co | Calle 76 87-14 Robledo Palenque, Medellín, Colombia

Con tecnología Koha